Open Economies delivering to people APEC's decade of progress

Salvato in:
Dettagli Bibliografici
Natura: Libro
Lingua:Undetermined
Pubblicazione: Singapore APEC 2000
Soggetti:
Tags: Aggiungi Tag
Nessun Tag, puoi essere il primo ad aggiungerne! !
Thư viện lưu trữ: Trung tâm Học liệu Trường Đại học Cần Thơ
LEADER 00451nam a2200157Ia 4500
001 CTU_50433
008 210402s9999 xx 000 0 und d
082 |a 339 
082 |b O.61 
245 0 |a Open Economies delivering to people 
245 0 |b APEC's decade of progress 
260 |a Singapore 
260 |b APEC 
260 |c 2000 
650 |a international economic relations,macroeconomics 
980 |a Trung tâm Học liệu Trường Đại học Cần Thơ